000 01262nam a2200265Ia 4500
003 OSt
005 20220930094725.0
006 a|||||r|||| 00| 0
007 ta
008 220926b |||||||| |||| 00| 0 san d
024 _a3546
037 _cTheses
040 _aCRL
_cCRL
_bsan
041 _2san
_asan
100 _aआर्य, दोलामणि
110 _aदिल्ली विश्वविद्यालय. संकाय कला. संस्कृत विभाग
_9556135
245 0 _aकाशिका तथा सिद्धान्तकौमुदी के उदाहरणों एवं प्रत्युदाहरणों का तुलनात्मक अध्ययन
246 _aKāshikā tathā siddhāntakaumudī ke udāharaṇoan evan pratyudāharaṇoan kā tulanātmak adhyayana
260 _c2011
650 _aसंस्कृत साहित्य
700 _a श्रीवत्स, गा.
700 _aदिल्ली विश्वविद्यालय. संकाय कला. संस्कृत विभाग
_9556136
942 _cDIS
_2CC
999 _c887565
_d887565